Bibliothèca orientalis (Record no. 168155)
[ view plain ]
| 000 -LEADER | |
|---|---|
| campo de control de longitud fija | 00634nam a22001695i 4500 |
| 001 - NÚMERO DE CONTROL | |
| campo de control | 168155 |
| 003 - IDENTIFICADOR DE NÚMERO DE CONTROL | |
| campo de control | ES-MaACL |
| 005 - FECHA Y HORA DE LA ÚLTIMA TRANSACCIÓN | |
| campo de control | 20230906213715.0 |
| 008 - DATOS DE LONGITUD FIJA--INFORMACIÓN GENERAL | |
| campo de control de longitud fija | 011026m18461861gw |||| | fre d |
| 040 ## - FUENTE DE CATALOGACIÓN | |
| Centro catalogador/agencia de origen | CAM |
| Lengua de catalogación | spa |
| Centro/agencia transcriptor | CAM |
| 100 1# - ENTRADA PRINCIPAL--NOMBRE DE PERSONA | |
| Nombre de persona | Zenker, J. Th. |
| 9 (RLIN) | 134033 |
| 245 10 - MENCIÓN DEL TÍTULO | |
| Título | Bibliothèca orientalis |
| Resto del título | : manuel de bibliographie orientale / |
| Mención de responsabilidad, etc. | par J. Th. Zenker. |
| 260 ## - PUBLICACIÓN, DISTRIBUCIÓN, ETC. | |
| Lugar de publicación, distribución, etc. | Leipzig : |
| Nombre del editor, distribuidor, etc. | chez Guillaume Engelmann, |
| Fecha de publicación, distribución, etc. | 1846-1861 ( |
| Fabricante | druck von Wilh. Vogel, Sohn) |
| 300 ## - DESCRIPCIÓN FÍSICA | |
| Extensión | 2 v. (XLVII, 264; XIV, 615 p. ; |
| Dimensiones | 23 cm. |
| 650 #4 - PUNTO DE ACCESO ADICIONAL DE MATERIA--TÉRMINO DE MATERIA | |
| Término de materia o nombre geográfico como elemento de entrada | Literatura oriental- |
| Subdivisión de forma | Bibliografías. |
| 9 (RLIN) | 136429 |
| 852 ## - LOCALIZACIÓN | |
| Ubicación | ES-MaACL |
| Número de control de estantería | B-4422 |
| Nota libre | -- Enc. hol. |
| -- | -- 2 t. en 1 v. |
| Estatus retirado | Estado de pérdida | Estado de daño | No para préstamo | Colección | Biblioteca de origen | Biblioteca actual | Ubicación en estantería | Fecha de adquisición | Fuente de adquisición | Total de préstamos | Signatura topográfica completa | Código de barras | Visto por última vez | Precio de reemplazo | Tipo de ítem Koha |
|---|---|---|---|---|---|---|---|---|---|---|---|---|---|---|---|
| Libros del s. XIX | Biblioteca del Ateneo de Madrid | Biblioteca del Ateneo de Madrid | Sala Pardo Bazán | 17/01/2008 | B-4422 | 1176438 | 23/02/2023 | 23/02/2023 | Libro impreso antiguo |
